Guess the Fusion Rock song lyrics #1 - Statistics

General Stats
  • This quiz has been taken 208 times
  • The average score is 114 of 223
Answer Stats
Answer % Correct
I
98%
a
97%
the
91%
you
83%
to
81%
me
80%
When
80%
And
79%
and
79%
be
77%
sail
70%
where
70%
in
66%
it
65%
It
65%
No
65%
is
64%
can
63%
for
60%
away
59%
do
59%
Of
55%
of
55%
will
55%
Sailing
54%
sailing
54%
if
53%
not
52%
I'm
49%
see
48%
At
46%
too
45%
it's
44%
It's
44%
free
41%
wind
39%
All
38%
could
38%
Takes
35%
Just
34%
down
31%
up
31%
wait
30%
far
29%
Oh
29%
right
29%
always
28%
find
28%
never
27%
dream
26%
I've
26%
Every
25%
Christopher Cross
23%
Well
23%
Soon
21%
soon
21%
back
20%
carry
20%
land
20%
least
20%
paradise
20%
Won't
20%
best
19%
miracles
17%
Believe
16%
believe
16%
again
14%
canvas
14%
heard
10%
serenity
10%
tranquility
10%
gets
9%
Really
8%
word
8%
caught
7%
Fantasy
7%
joy
7%
reason
6%
reverie
6%
sanity
6%
innocence
5%
pretend
5%
symphony
5%
No matching quizzes found
Score Distribution
Percent of People with Each Score
Percentile by Number Answered
Your Score History
You have not taken this quiz